20 Most Streamed Songs from 2004 on Spotify - Statistics

General Stats
  • This quiz has been taken 182 times
    172 since last reset
  • The average score is 14 of 20
Answer Stats
Artist Song % Correct
Britney Spears Toxic
92%
Green Day American Idiot
87%
Green Day Wake Me Up When September Ends
87%
Usher Yeah!
85%
Usher My Boo
85%
Gwen Stefani Hollaback Girl
83%
The Killers Mr. Brightside
82%
The Killers Somebody Told Me
82%
Snoop Dogg Drop It Like It's Hot
80%
Eminem Mockingbird
77%
Maroon 5 She Will Be Loved
76%
Maroon 5 This Love
76%
Maroon 5 Sunday Morning
76%
Franz Ferdinand Take Me Out
59%
Keane Somewhere Only We Know
48%
Daddy Yankee Gasolina
40%
Natasha Bedingfield Unwritten
40%
Hoobastank The Reason
37%
Kanye West All Falls Down
33%
Mario Let Me Love You
29%
No matching quizzes found
Score Distribution
Percent of People with Each Score
Percentile by Number Answered
Your Score History
You have not taken this quiz since the last reset